A study of littoral transport along the sandy coasts of Kerala / by K.K.N. Nambiar and N.S. Moni.

Bibliographic Details
Main Author: Nambiar, K. K. N.
Corporate Authors: Kerala Engineering Research Institute. Coastal Engineering Division, India. Central Board of Irrigation and Power
Other Authors: Moni, N. S.
Format: Book
Language:English
Published: Peechi : Kerala Engineering Research Institute, Coastal Engineering Division, [1966]
Series:Report (Kerala Engineering Research Institute. Coastal Engineering Division) ; no. 2.
Subjects:

MARC

Tag First Indicator Second Indicator Subfields
LEADER 00000cam a2200000Ia 4500
001 in00002437113
005 20151109184954.0
008 080812s1966 ii bf t 000 0 eng d
035 |a (OCoLC)ocn243626116 
040 |a TXA  |c TXA  |d UtOrBLW 
043 |a a-ii--- 
049 |a TXAM 
090 |a GB460.I4  |b N36 1966 
100 1 |a Nambiar, K. K. N. 
245 1 2 |a A study of littoral transport along the sandy coasts of Kerala / by K.K.N. Nambiar and N.S. Moni. 
264 1 |a Peechi :  |b Kerala Engineering Research Institute, Coastal Engineering Division,  |c [1966] 
300 |a 7 pages, 1 unnumbered page, 8 unnumbered leaves of plates :  |b maps ;  |c 28 cm. 
336 |a text  |b txt  |2 rdacontent 
337 |a unmediated  |b n  |2 rdamedia 
338 |a volume  |b nc  |2 rdacarrier 
490 1 |a Report ;  |v no. 2 
500 |a Cover title. 
500 |a "March 1966." 
500 |a "Paper presented at the thirty sixth annual research session of the Central Board of Irrigation and Power." 
650 0 |a Littoral drift  |z India  |z Kerala. 
650 0 |a Coast changes  |z India  |z Kerala. 
650 0 |a Sedimentation and deposition  |z India  |z Kerala. 
700 1 |a Moni, N. S. 
710 2 |a Kerala Engineering Research Institute.  |b Coastal Engineering Division. 
710 1 |a India.  |b Central Board of Irrigation and Power. 
830 0 |a Report (Kerala Engineering Research Institute. Coastal Engineering Division) ;  |v no. 2. 
910 |a ccs2010 
947 |a A14835652017 
948 |a cataloged  |b h  |c 2008/12/16  |d c  |e Techpro 
994 |a 02  |b TXA 
999 |a MARS 
999 f f |s b9c2f7a1-a211-31d2-9183-4b8099acfd57  |i e0d378bd-176b-37ea-afc2-65147a4745b8  |t 0 
952 f f |p ric  |a Texas A&M University  |b Rellis Campus  |c Joint Library Facility  |d Remote Storage  |t 0  |e GB460.I4 N36 1966  |h Library of Congress classification  |i unmediated -- volume  |m A14835652017 
998 f f |a GB460.I4 N36 1966  |t 0  |l Remote Storage